[Event "Lichtenrader Herbst 2017"]
[Site "Berlin"]
[Date "2017.11.01"]
[Round "5.13"]
[White "Stigar, Petter"]
[Black "Boettcher, Patrick"]
[Result "1/2-1/2"]
[WhiteElo "2211"]
[BlackElo "2099"]
[PlyCount "40"]
[EventDate "2017.??.??"]

1. Nf3 Nf6 2. c4 e6 3. g3 d5 4. d4 Bb4+ 5. Bd2 Be7 6. Bg2 O-O 7. Qc2 c6 8. O-O
b6 9. Bf4 Ba6 10. Nbd2 Nbd7 11. Ne5 Nxe5 12. Bxe5 Rc8 13. Qa4 Bxc4 14. Nxc4 b5
15. Qxa7 bxc4 16. b3 cxb3 17. axb3 c5 18. dxc5 Bxc5 19. Qa4 Nd7 20. Bf4 Qe7
1/2-1/2

[Event "Lichtenrader Herbst 2017"]
[Site "Berlin"]
[Date "2017.11.01"]
[Round "5.14"]
[White "Turbin, Yaroslav"]
[Black "Mcgowan, Daniel"]
[Result "1/2-1/2"]
[WhiteElo "1986"]
[BlackElo "2168"]
[PlyCount "42"]
[EventDate "2017.??.??"]

1. d4 d5 2. c4 e6 3. Nc3 Nf6 4. Bf4 Be7 5. Nf3 O-O 6. e3 b6 7. Rc1 a6 8. a3
dxc4 9. Bxc4 Bb7 10. h3 Nbd7 11. O-O b5 12. Ba2 c5 13. Qe2 c4 14. e4 Re8 15.
Bb1 Nf8 16. Rfd1 Qb6 17. Ne5 Rad8 18. Be3 Qc7 19. Bf4 Qb6 20. Be3 Qc7 21. Bf4
Qb6 1/2-1/2

[Event "Lichtenrader Herbst 2017"]
[Site "Berlin"]
[Date "2017.11.01"]
[Round "5.15"]
[White "Pfau, Beate"]
[Black "Niehaus, Frank"]
[Result "1/2-1/2"]
[WhiteElo "2053"]
[BlackElo "2183"]
[PlyCount "63"]
[EventDate "2017.??.??"]

1. c4 Nf6 2. g3 g6 3. Bg2 Bg7 4. Nc3 O-O 5. Nf3 d6 6. O-O e5 7. d3 Nc6 8. Rb1
a5 9. a3 Re8 10. e4 Bg4 11. h3 Bxf3 12. Bxf3 Nd4 13. Bg2 Nd7 14. b4 axb4 15.
axb4 c6 16. Be3 Ra3 17. Bxd4 exd4 18. Ne2 Qe7 19. Ra1 Rea8 20. Rxa3 Rxa3 21.
Qc2 Qd8 22. Rb1 Qa8 23. f4 h6 24. h4 Ra1 25. Kf2 Qa7 26. Bf3 Qa3 27. Rb2 Kh7
28. Bg2 Nb6 29. Rb3 Qa4 30. Bf3 Nd7 31. Qb2 Nb6 32. Qc2 1/2-1/2

[Event "Lichtenrader Herbst 2017"]
[Site "Berlin"]
[Date "2017.11.01"]
[Round "5.16"]
[White "Gebigke, Martin"]
[Black "Guenther, Thomas"]
[Result "0-1"]
[WhiteElo "2111"]
[BlackElo "2050"]
[PlyCount "64"]
[EventDate "2017.??.??"]

1. d4 Nf6 2. c4 e6 3. Nc3 d5 4. cxd5 exd5 5. Bg5 Be7 6. e3 O-O 7. Bd3 b6 8. Qc2
h6 9. Bh4 Bb7 10. Nge2 a6 11. O-O Ne4 12. Bg3 Nxg3 13. Nxg3 Re8 14. Nf5 Bf8 15.
Ne2 g6 16. Nfg3 Nd7 17. h4 c5 18. h5 c4 19. hxg6 cxd3 20. gxf7+ Kxf7 21. Qxd3
Qf6 22. Nf4 Kg8 23. Nf5 Qf7 24. f3 Nf6 25. g4 Nh7 26. Kf2 Rac8 27. Rh1 Rc6 28.
Rac1 Rec8 29. Rxc6 Rxc6 30. Rh5 Ng5 31. Qb3 Rf6 32. Nd3 Rxf5 0-1

[Event "Lichtenrader Herbst 2017"]
[Site "Berlin"]
[Date "2017.11.01"]
[Round "5.17"]
[White "Oelmann, Henry"]
[Black "Jaeschke, Jens-Uwe"]
[Result "1/2-1/2"]
[WhiteElo "1957"]
[BlackElo "2128"]
[PlyCount "88"]
[EventDate "2017.??.??"]

1. Nf3 d5 2. d4 Nf6 3. c4 e6 4. Nc3 Be7 5. cxd5 exd5 6. Bg5 c6 7. Qc2 g6 8. e3
Bf5 9. Bd3 Bxd3 10. Qxd3 O-O 11. O-O Nbd7 12. Rab1 a5 13. Rfc1 Re8 14. a3 Ne4
15. Bxe7 Qxe7 16. Ne2 Ra6 17. Rc2 Kg7 18. Nf4 Nd6 19. Nd2 Nf6 20. Qe2 h5 21.
Re1 Raa8 22. Nd3 Nd7 23. a4 Rh8 24. e4 dxe4 25. Nxe4 Nxe4 26. Qxe4 Qxe4 27.
Rxe4 Rhe8 28. Rce2 Rxe4 29. Rxe4 Kf6 30. Kf1 Rd8 31. Ke2 Nb6 32. Rf4+ Ke7 33.
Nc5 Rb8 34. Re4+ Kd6 35. Kd3 Nd5 36. g3 b6 37. Nb3 Nf6 38. Re2 Re8 39. Rxe8
Nxe8 40. Nd2 b5 41. Ne4+ Kc7 42. Nc5 Nf6 43. f3 Nd5 44. Ke4 bxa4 1/2-1/2

[Event "Lichtenrader Herbst 2017"]
[Site "Berlin"]
[Date "2017.11.01"]
[Round "5.18"]
[White "Silz, Elisa"]
[Black "Krefenstein, Sergej"]
[Result "1-0"]
[WhiteElo "1970"]
[BlackElo "2172"]
[PlyCount "101"]
[EventDate "2017.??.??"]

1. d4 Nf6 2. Nf3 g6 3. c4 c5 4. Nc3 Bg7 5. g3 O-O 6. Bg2 Nc6 7. d5 Na5 8. Qd3
d6 9. O-O a6 10. Nd2 Ng4 11. Nf3 Rb8 12. h3 Nf6 13. e4 b5 14. Nd2 Nxc4 15. Nxc4
bxc4 16. Qxc4 Nd7 17. f4 Rb4 18. Qe2 Qb6 19. Nd1 a5 20. Rf3 Ba6 21. Qe1 c4+ 22.
Kh1 Nc5 23. Bf1 Nxe4 24. a3 Nxg3+ 25. Rxg3 Rb3 26. Nc3 Qa7 27. f5 Be5 28. Re3
gxf5 29. Rxe5 dxe5 30. Bh6 Qb6 31. Bxf8 Kxf8 32. Qxe5 e6 33. Rd1 Qc5 34. Bg2
Bb7 35. Qb8+ Ke7 36. d6+ Kd7 37. Bxb7 Rxb7 38. Qf8 Qc6+ 39. Kh2 Rxb2+ 40. Kg3
Rg2+ 41. Kh4 Qb6 42. Qe7+ Kc6 43. Qe8+ Kb7 44. Rb1 Rb2 45. Rxb2 Qxb2 46. Qd7+
Ka6 47. Qc8+ Ka7 48. Qc7+ Qb7 49. Nb5+ Ka6 50. Qxb7+ Kxb7 51. d7 1-0

[Event "Lichtenrader Herbst 2017"]
[Site "Berlin"]
[Date "2017.11.01"]
[Round "5.19"]
[White "Knudsen, Jesper"]
[Black "Huels, Maximilian"]
[Result "1/2-1/2"]
[WhiteElo "2081"]
[BlackElo "1805"]
[PlyCount "50"]
[EventDate "2017.??.??"]

1. e4 e6 2. d4 d5 3. Nd2 Nf6 4. e5 Nfd7 5. Bd3 c5 6. c3 Nc6 7. Ne2 cxd4 8. cxd4
f6 9. exf6 Nxf6 10. Nf3 Bd6 11. O-O Qc7 12. Nc3 a6 13. Bd2 O-O 14. Rc1 Bd7 15.
Re1 Ng4 16. Bxh7+ Kh8 17. g3 Nxf2 18. Kxf2 Kxh7 19. Kg2 Kg8 20. Na4 Rae8 21.
Ne5 Qd8 22. Bf4 Nxe5 23. Bxe5 Bxe5 24. Rxe5 Qf6 25. Nc5 Bb5 1/2-1/2

[Event "Lichtenrader Herbst 2017"]
[Site "Berlin"]
[Date "2017.11.01"]
[Round "5.20"]
[White "Seefeld, Marc"]
[Black "Maetzkow, Maximilian Paul"]
[Result "0-1"]
[WhiteElo "1908"]
[BlackElo "2090"]
[PlyCount "66"]
[EventDate "2017.??.??"]

1. d4 Nf6 2. c4 c5 3. d5 b5 4. cxb5 a6 5. bxa6 Bxa6 6. Nc3 d6 7. g3 g6 8. Bg2
Bg7 9. Nf3 O-O 10. O-O Nbd7 11. Re1 Qb6 12. e4 Ng4 13. Qc2 Nge5 14. Nxe5 Nxe5
15. Rd1 Rfb8 16. Rb1 Qa5 17. h3 Ra7 18. f4 Nc4 19. Ne2 Qxa2 20. Bd2 Na3 21. Qa4
Qxb1 22. Rxb1 Nxb1 23. Bc1 Bxb2 24. f5 Bxc1 25. Nxc1 Nd2 26. Qa2 Nc4 27. Bf1
Ne5 28. Bxa6 Rba8 29. Ne2 Rxa6 30. Qb2 Ra1+ 31. Kg2 R8a2 32. Qb5 Re1 33. f6
Raxe2+ 0-1

[Event "Lichtenrader Herbst 2017"]
[Site "Berlin"]
[Date "2017.11.01"]
[Round "5.21"]
[White "Malek, Daniel"]
[Black "Hahlbohm, Matthias"]
[Result "1-0"]
[WhiteElo "2405"]
[BlackElo "2070"]
[PlyCount "64"]
[EventDate "2017.??.??"]

1. d4 Nf6 2. c4 g6 3. Nc3 Bg7 4. e4 d6 5. Nf3 O-O 6. Be2 c6 7. O-O Qc7 8. Be3
e5 9. d5 c5 10. Ne1 Re8 11. a3 a5 12. Nd3 Na6 13. f3 Bd7 14. Qd2 b6 15. Rfc1
Rec8 16. Bd1 Qd8 17. Ba4 Bxa4 18. Nxa4 Rcb8 19. b4 Nd7 20. bxa5 bxa5 21. Nc3
Nb6 22. Qa2 Nb4 23. Qe2 Na6 24. Nf2 Qd7 25. Rab1 h5 26. Rb3 Bf6 27. Rcb1 Bd8
28. Nfd1 Kg7 29. Bf2 Bc7 30. Be1 Na4 31. Nb5 Bd8 32. Qc2 Rb7 1-0

[Event "Lichtenrader Herbst 2017"]
[Site "Berlin"]
[Date "2017.11.01"]
[Round "5.22"]
[White "Buttkus, Andre"]
[Black "Farmani Anosheh, Yasha"]
[Result "0-1"]
[WhiteElo "2032"]
[BlackElo "2194"]
[PlyCount "36"]
[EventDate "2017.??.??"]

1. e4 e5 2. Nf3 Nc6 3. Bc4 Bc5 4. c3 Nf6 5. d3 O-O 6. O-O Re8 7. Bb3 d5 8. exd5
Nxd5 9. Nxe5 Nxe5 10. d4 Bf5 11. dxc5 Nd3 12. Na3 c6 13. Bc2 Nxc1 14. Rxc1 Bxc2
15. Rxc2 Qa5 16. Qd4 Nf6 17. Nc4 Qxa2 18. Rd2 Re4 0-1

[Event "Lichtenrader Herbst 2017"]
[Site "Berlin"]
[Date "2017.11.01"]
[Round "5.23"]
[White "Schnabel, Ralf"]
[Black "Kather, Yannick"]
[Result "1/2-1/2"]
[WhiteElo "2225"]
[BlackElo "2040"]
[PlyCount "82"]
[EventDate "2017.??.??"]

1. e4 c5 2. Nf3 Nc6 3. d4 cxd4 4. Nxd4 g6 5. Nc3 Bg7 6. Nb3 Nf6 7. Be2 O-O 8.
Bg5 d6 9. O-O a6 10. f4 b5 11. Bf3 b4 12. Na4 Bd7 13. c4 bxc3 14. Nxc3 Rb8 15.
Re1 Ne8 16. Kh1 Nc7 17. e5 dxe5 18. Nc5 Nd4 19. Nxd7 Qxd7 20. fxe5 Nce6 21. Bg4
Qb7 22. Rb1 h5 23. Bxe6 Nxe6 24. Qd2 Rfd8 25. Qe3 Nd4 26. Qf2 Qc7 27. Bf4 Ne6
28. Bg3 Rb4 29. h3 Qc5 30. Qxc5 Nxc5 31. Re2 e6 32. b3 h4 33. Be1 Nd3 34. Na4
Rf4 35. Bc3 Rd5 36. Nb6 Rb5 37. Nd7 Nf2+ 38. Kg1 Ne4 39. Bb2 Ng3 40. Rd2 Bh6
41. Rc2 Kg7 1/2-1/2

[Event "Lichtenrader Herbst 2017"]
[Site "Berlin"]
[Date "2017.11.01"]
[Round "5.24"]
[White "Behrmann, Joachim"]
[Black "Jaeger, Andre"]
[Result "1-0"]
[WhiteElo "2228"]
[BlackElo "2013"]
[PlyCount "65"]
[EventDate "2017.??.??"]

1. d4 Nf6 2. c4 d6 3. Nc3 Bf5 4. f3 e5 5. d5 e4 6. Qd4 c5 7. Qe3 Bg6 8. g4 h6
9. h3 Qe7 10. f4 Nbd7 11. Bg2 O-O-O 12. Qf2 Nb6 13. b3 Re8 14. e3 Bh7 15. Nge2
Nbd7 16. Bb2 Rg8 17. O-O-O g6 18. Ng3 Bg7 19. Rhe1 a6 20. Ncxe4 Nxe4 21. Bxe4
Bxb2+ 22. Qxb2 Qh4 23. Qg2 f5 24. Bf3 Qf6 25. Qb2 Qh4 26. Qf2 Nf6 27. Ne4 Qxf2
28. Nxf2 Re7 29. gxf5 gxf5 30. Kd2 Rg3 31. Ke2 Ne4 32. Nxe4 fxe4 33. Bg4+ 1-0

[Event "Lichtenrader Herbst 2017"]
[Site "Berlin"]
[Date "2017.11.01"]
[Round "5.25"]
[White "Shapiro, Yosip"]
[Black "Llopis de Aysa, Manuel"]
[Result "0-1"]
[WhiteElo "2090"]
[BlackElo "2138"]
[PlyCount "128"]
[EventDate "2017.??.??"]

1. d4 g6 2. c4 Bg7 3. Nc3 d6 4. e4 e5 5. d5 a5 6. h4 h5 7. Bg5 f6 8. Be3 Bh6 9.
Bxh6 Nxh6 10. Nf3 Kf8 11. Qd2 Kg7 12. O-O-O Na6 13. Bd3 Nc5 14. Bc2 Bd7 15. b3
Qb8 16. Nb5 b6 17. Kb2 Na6 18. Nh2 Qe8 19. a4 Qe7 20. f3 Raf8 21. Rdg1 f5 22.
exf5 Nxf5 23. g4 hxg4 24. h5 g3 25. Nf1 g5 26. h6+ Rxh6 27. Rxh6 Kxh6 28. Nxg3
Nxg3 29. Rxg3 Rf4 30. Rg1 Rh4 31. Qd3 e4 32. fxe4 Qe5+ 33. Qd4 Bxb5 34. Qxe5
dxe5 35. cxb5 Nc5 36. Rf1 Rf4 37. Rh1+ Rh4 38. Rd1 Nxe4 39. Re1 Nc5 40. Rxe5 g4
41. Re7 g3 42. Rxc7 Rg4 43. Rh7+ Kg5 44. Bd1 Kg6 45. Rh1 g2 46. Rg1 Rg3 47. d6
Kf6 48. d7 Ke7 49. Kc1 Kxd7 50. Kd2 Kd6 51. Ke2 Ke5 52. Bc2 Kd4 53. Kf2 Rg7 54.
Bd1 Nd3+ 55. Ke2 Kc3 56. Kf3 Nc5 57. Kf2 Nxb3 58. Bf3 Kb4 59. Bxg2 Kxa4 60. Rb1
Kb4 61. Bd5 a4 62. Ke3 Kc3 63. Ke4 Rg4+ 64. Ke5 Rb4 0-1

[Event "Lichtenrader Herbst 2017"]
[Site "Berlin"]
[Date "2017.11.01"]
[Round "5.26"]
[White "Schmidt, Juergen"]
[Black "Piotrowski, Christopher"]
[Result "0-1"]
[WhiteElo "1948"]
[BlackElo "2110"]
[PlyCount "84"]
[EventDate "2017.??.??"]

1. e4 c5 2. Nf3 e6 3. d4 cxd4 4. Nxd4 a6 5. Nc3 Qc7 6. Bd3 Nf6 7. O-O b5 8. a3
Bb7 9. Re1 Bd6 10. h3 Bc5 11. Be3 d6 12. Nf3 Nbd7 13. Bxc5 Qxc5 14. Qd2 Ne5 15.
Nxe5 dxe5 16. Qe3 Qxe3 17. Rxe3 O-O-O 18. b4 Rd4 19. f3 Rhd8 20. Ree1 Ne8 21.
Reb1 Bc6 22. a4 Nc7 23. axb5 axb5 24. Ra5 Kb8 25. Bxb5 Nxb5 26. Nxb5 Rd2 27.
Na3 Re2 28. Kh1 f5 29. Rc5 Bb7 30. exf5 e4 31. fxe6 exf3 32. Nc4 f2 33. Rf1 Rd1
34. Rxd1 Re1+ 35. Kh2 f1=Q 36. Rd8+ Ka7 37. Ra5+ Ba6 38. Rd7+ Kb8 39. Rd8+ Kc7
40. Rd7+ Kb8 41. Rd8+ Bc8 42. Rf5 Qxc4 0-1

[Event "Lichtenrader Herbst 2017"]
[Site "Berlin"]
[Date "2017.11.01"]
[Round "5.27"]
[White "Hesse, Henrik"]
[Black "Pesola, Jyrki"]
[Result "1-0"]
[WhiteElo "2120"]
[BlackElo "1907"]
[PlyCount "99"]
[EventDate "2017.??.??"]

1. c4 f5 2. b3 d6 3. Bb2 e5 4. d4 e4 5. d5 Nf6 6. e3 Be7 7. Nc3 O-O 8. Qc2 Na6
9. a3 c5 10. O-O-O Nc7 11. f3 a6 12. h3 exf3 13. Nxf3 Ne4 14. g4 Bf6 15. Bd3
Nxc3 16. Bxc3 Bxc3 17. Qxc3 Qf6 18. Qxf6 Rxf6 19. g5 Rf8 20. a4 Bd7 21. a5 Rae8
22. Kd2 Re7 23. Rde1 Be8 24. Nh4 g6 25. Ng2 Bd7 26. Nf4 Ne8 27. h4 Ng7 28. h5
Nxh5 29. Nxh5 gxh5 30. Rxh5 Rg7 31. Rh6 Rg6 32. Reh1 Rf7 33. R1h5 Rfg7 34. e4
Rxh6 35. Rxh6 Rg6 36. exf5 Rxh6 37. gxh6 Kf7 38. Kc3 Kf6 39. b4 cxb4+ 40. Kxb4
Bxf5 41. Bxf5 Kxf5 42. c5 dxc5+ 43. Kxc5 Ke5 44. Kb6 Kxd5 45. Kxb7 Kd6 46. Kxa6
Kc6 47. Ka7 Kc7 48. a6 Kc8 49. Kb6 Kb8 50. Kc6 1-0

[Event "Lichtenrader Herbst 2017"]
[Site "Berlin"]
[Date "2017.11.01"]
[Round "5.29"]
[White "Dathe, Frederick"]
[Black "Sulayev, Daniel"]
[Result "0-1"]
[WhiteElo "1875"]
[BlackElo "2051"]
[PlyCount "56"]
[EventDate "2017.??.??"]

1. Nf3 c5 2. c4 Nc6 3. Nc3 g6 4. g3 Bg7 5. Bg2 e6 6. e4 Nge7 7. O-O O-O 8. Ne1
d6 9. d3 Rb8 10. Nc2 Nd4 11. Be3 Nec6 12. Bxd4 cxd4 13. Ne2 b5 14. cxb5 Rxb5
15. Rb1 a5 16. e5 Nxe5 17. Nexd4 Rb6 18. f4 Nd7 19. Qd2 Bb7 20. Bxb7 Rxb7 21.
b4 axb4 22. Rxb4 Qa5 23. Nb3 Qa7+ 24. Qf2 Nb6 25. Ncd4 Nd5 26. Rxb7 Qxb7 27.
Rc1 Nb4 28. Qe2 Ra8 0-1

[Event "Lichtenrader Herbst 2017"]
[Site "Berlin"]
[Date "2017.11.02"]
[Round "6.1"]
[White "Ahmadinia, Ebrahim"]
[Black "Kryakvin, Dmitry"]
[Result "0-1"]
[WhiteElo "2400"]
[BlackElo "2583"]
[PlyCount "62"]
[EventDate "2017.??.??"]

1. e4 c6 2. d4 d5 3. Nd2 dxe4 4. Nxe4 Bf5 5. Ng3 Bg6 6. Nh3 Nf6 7. Nf4 Nbd7 8.
Bc4 Qc7 9. O-O e6 10. c3 Bd6 11. Qf3 c5 12. dxc5 Bxc5 13. Bb3 O-O-O 14. Be3 Ne5
15. Qe2 Nd3 16. Nxg6 hxg6 17. Rad1 Bxe3 18. Rxd3 Rxd3 19. Qxd3 Bb6 20. Bd1 Qf4
21. Bf3 g5 22. c4 g4 23. c5 Bxc5 24. Qc2 b6 25. Be2 Kb8 26. Ba6 Nd5 27. a3 Qh6
28. h3 gxh3 29. Qe4 Qf4 30. b4 Bxf2+ 31. Rxf2 h2+ 0-1

[Event "Lichtenrader Herbst 2017"]
[Site "Berlin"]
[Date "2017.11.02"]
[Round "6.2"]
[White "Starostits, Ilmars"]
[Black "Stern, Rene"]
[Result "1/2-1/2"]
[WhiteElo "2418"]
[BlackElo "2522"]
[PlyCount "54"]
[EventDate "2017.??.??"]

1. d4 d5 2. Nf3 e6 3. g3 Nf6 4. Bg2 Be7 5. O-O O-O 6. c4 c6 7. Qc2 b6 8. Nbd2
Bb7 9. e4 Na6 10. e5 Nd7 11. cxd5 Nb4 12. Qb3 Nxd5 13. Ne4 c5 14. dxc5 Nxc5 15.
Nxc5 Bxc5 16. Bg5 Qc7 17. a3 h6 18. Bd2 Rfd8 19. Qa4 Ne7 20. Rac1 Rac8 21. Bc3
Bc6 22. Qg4 Nf5 23. Rfd1 Rxd1+ 24. Rxd1 Rd8 25. Rxd8+ Qxd8 26. Ne1 Bxg2 27.
Kxg2 b5 1/2-1/2

[Event "Lichtenrader Herbst 2017"]
[Site "Berlin"]
[Date "2017.11.02"]
[Round "6.3"]
[White "Kasparov, Sergey"]
[Black "Kalka, Arkadius Georg"]
[Result "1/2-1/2"]
[WhiteElo "2450"]
[BlackElo "2329"]
[PlyCount "110"]
[EventDate "2017.??.??"]

1. e4 c5 2. Nf3 d6 3. d4 cxd4 4. Nxd4 Nf6 5. f3 Nc6 6. c4 e6 7. Nc3 Be7 8. Be3
O-O 9. Qd2 d5 10. cxd5 exd5 11. Nxc6 bxc6 12. exd5 Nxd5 13. Nxd5 cxd5 14. Be2
Bh4+ 15. g3 Bf6 16. Rd1 Re8 17. Kf2 Qe7 18. Rhe1 Bh3 19. Bd4 Rac8 20. Bxf6 Qxf6
21. Qd4 Qxd4+ 22. Rxd4 Rc2 23. g4 h5 24. Kg3 hxg4 25. fxg4 Rxb2 26. Kxh3 Rxa2
27. Rxd5 Re3+ 28. Kg2 Rexe2+ 29. Rxe2 Rxe2+ 30. Kg3 Re8 31. Ra5 Re7 32. h4 f6
33. Kf4 Kf7 34. Ra6 Rc7 35. Ra4 Ke6 36. Ra6+ Kd5 37. Kf5 Kc5 38. Ra1 Kb4 39.
Rb1+ Ka3 40. Ra1+ Kb4 41. Rb1+ Ka3 42. Ra1+ Kb3 43. Kg6 Kb2 44. Ra6 Kc3 45. h5
Kb4 46. h6 gxh6 47. Kxh6 Kb5 48. Rxf6 a5 49. g5 a4 50. g6 a3 51. g7 Rxg7 52.
Kxg7 a2 53. Rf1 Kc4 54. Ra1 Kb3 55. Rxa2 Kxa2 1/2-1/2

[Event "Lichtenrader Herbst 2017"]
[Site "Berlin"]
[Date "2017.11.02"]
[Round "6.4"]
[White "Maetzkow, Maximilian Paul"]
[Black "Danin, Alexandre"]
[Result "1/2-1/2"]
[WhiteElo "2090"]
[BlackElo "2554"]
[PlyCount "83"]
[EventDate "2017.??.??"]

1. e4 e6 2. d4 d5 3. Nc3 Nf6 4. Bg5 Be7 5. exd5 Nxd5 6. Bxe7 Qxe7 7. Nxd5 exd5+
8. Qe2 Be6 9. Nf3 Nd7 10. O-O-O O-O-O 11. Qd2 f6 12. Bd3 Nb6 13. Rhe1 Qd7 14.
Qf4 Kb8 15. Nd2 Nc8 16. Re2 Rde8 17. Rde1 Nd6 18. b3 b6 19. Nb1 Kb7 20. Nc3 c6
21. f3 Kc7 22. Kb2 Qf7 23. h4 Bd7 24. Rxe8 Rxe8 25. Rxe8 Bxe8 26. Nd1 h6 27.
Ne3 Bd7 28. c4 g5 29. hxg5 hxg5 30. Qg3 Qe7 31. c5 bxc5 32. dxc5 Qxe3 33. Qxd6+
Kc8 34. Ba6+ Kd8 35. Qf8+ Kc7 36. Qd6+ Kd8 37. Qxf6+ Ke8 38. Qg6+ Kd8 39. Qf6+
Ke8 40. Qc3 Qf4 41. Bd3 d4 42. Qc1 1/2-1/2

[Event "Lichtenrader Herbst 2017"]
[Site "Berlin"]
[Date "2017.11.02"]
[Round "6.5"]
[White "Schmidek, Emil"]
[Black "Biriukov, Nikolai"]
[Result "0-1"]
[WhiteElo "2387"]
[BlackElo "2400"]
[PlyCount "132"]
[EventDate "2017.??.??"]

1. e4 c5 2. Nf3 a6 3. d4 cxd4 4. Nxd4 Nf6 5. Nc3 e5 6. Nf3 Nc6 7. Bc4 Be7 8.
Be3 d6 9. a4 O-O 10. O-O Be6 11. Qe2 Rc8 12. Nd2 Nb4 13. Bb3 Nd7 14. Rfd1 Nc5
15. Bxc5 Rxc5 16. Nc4 Nxc2 17. Qxc2 Bxc4 18. Bxc4 Rxc4 19. Qb3 Qc8 20. Nd5 Bd8
21. Ne3 Rxe4 22. Qd5 Rd4 23. Rxd4 exd4 24. Qxd4 Bf6 25. Qxd6 Rd8 26. Qb4 Rd4
27. Qb3 Qd7 28. Rc1 h5 29. a5 Rd2 30. Nc4 Re2 31. Kf1 Re6 32. Rd1 Qc7 33. Kg1
Re4 34. Ne3 Rd4 35. Nd5 Rxd1+ 36. Qxd1 Qxa5 37. Nxf6+ gxf6 38. g3 Kg7 39. Qd4
Qb5 40. Kg2 a5 41. h3 Qc6+ 42. Kg1 b5 43. Qd2 Qc5 44. Qxa5 Qc1+ 45. Kg2 Qxb2
46. Kf3 Qb3+ 47. Ke2 Qa4 48. Qd2 Qe4+ 49. Kd1 Qh1+ 50. Kc2 Qxh3 51. Qd5 Qc8+
52. Kb2 Qe6 53. Qxb5 Qe5+ 54. Qxe5 fxe5 55. Kc3 Kg6 56. Kc4 e4 57. Kd4 Kf5 58.
Ke3 Ke5 59. f3 f5 60. f4+ Kd5 61. Ke2 Kd4 62. Kd2 e3+ 63. Ke1 Kd3 64. Kd1 e2+
65. Ke1 Ke3 66. g4 fxg4 0-1

[Event "Lichtenrader Herbst 2017"]
[Site "Berlin"]
[Date "2017.11.02"]
[Round "6.6"]
[White "Guenther, Thomas"]
[Black "Heinig, Wolfram"]
[Result "1/2-1/2"]
[WhiteElo "2050"]
[BlackElo "2311"]
[PlyCount "90"]
[EventDate "2017.??.??"]

1. c4 c5 2. Nc3 Nc6 3. g3 g6 4. Bg2 Bg7 5. e3 e6 6. Nge2 Nge7 7. d4 cxd4 8.
exd4 d5 9. cxd5 Nxd5 10. O-O O-O 11. Nxd5 exd5 12. Be3 Bg4 13. h3 Bxe2 14. Qxe2
Nxd4 15. Qd2 Qf6 16. Bxd4 Qxd4 17. Qxd4 Bxd4 18. Rfd1 Bb6 19. Bxd5 Rac8 20.
Rac1 Rxc1 21. Rxc1 Rd8 22. Rd1 Kg7 23. Bf3 Rxd1+ 24. Bxd1 Bd4 25. b3 Kf6 26.
Kf1 Ke5 27. Ke2 Bc5 28. f3 Kd4 29. Bc2 f5 30. Bd3 h6 31. Bc4 Ba3 32. Kd2 g5 33.
g4 f4 34. Bf7 b5 35. Kc2 Ke3 36. Bd5 a5 37. Kc3 Bb4+ 38. Kc2 Bc5 39. a4 bxa4
40. bxa4 Bb4 41. Bc6 Kf2 42. Kd3 Kg3 43. Ke4 Kxh3 44. Be8 Kh4 45. Kf5 Kg3
1/2-1/2

[Event "Lichtenrader Herbst 2017"]
[Site "Berlin"]
[Date "2017.11.02"]
[Round "6.7"]
[White "Barath M"]
[Black "Silz, Elisa"]
[Result "1-0"]
[WhiteElo "2378"]
[BlackElo "1970"]
[PlyCount "71"]
[EventDate "2017.??.??"]

1. d4 Nf6 2. c4 g6 3. Nc3 Bg7 4. e4 O-O 5. Be2 d6 6. Bg5 c5 7. d5 h6 8. Bf4 Qa5
9. Qd2 Kh7 10. Bd3 Ng4 11. Nf3 Nd7 12. h4 Nge5 13. Nxe5 Nxe5 14. Bxe5 dxe5 15.
h5 Bd7 16. g3 Bg4 17. Be2 Bxe2 18. Qxe2 a6 19. Kf1 Rad8 20. Kg2 Rd6 21. Nd1 b5
22. Ne3 Rb8 23. b3 b4 24. hxg6+ fxg6 25. Qd2 Qd8 26. Raf1 Qd7 27. Nc2 h5 28.
Ne1 Rf6 29. Nd3 Qd6 30. f4 Rff8 31. Qe2 Kg8 32. f5 Rbc8 33. fxg6 Qxg6 34. Rxf8+
Rxf8 35. Nxc5 Bh6 36. Qxh5 1-0

[Event "Lichtenrader Herbst 2017"]
[Site "Berlin"]
[Date "2017.11.02"]
[Round "6.8"]
[White "Florstedt, Johannes"]
[Black "Polatel, Ali"]
[Result "1-0"]
[WhiteElo "2243"]
[BlackElo "2268"]
[PlyCount "49"]
[EventDate "2017.??.??"]

1. e4 c5 2. Nf3 g6 3. d4 cxd4 4. Qxd4 Nf6 5. Nc3 Nc6 6. Qa4 Bg7 7. e5 Ng8 8.
Bf4 f6 9. exf6 Nxf6 10. O-O-O d6 11. Bc4 Qa5 12. Qb3 Qb4 13. Qxb4 Nxb4 14. Nb5
Nh5 15. Nxd6+ exd6 16. Rhe1+ Kd8 17. Bxd6 Nc6 18. Ne5 Bd7 19. Nxd7 Kxd7 20.
Be5+ Nd4 21. Bxd4 Bxd4 22. Rxd4+ Kc6 23. Re6+ Kc5 24. c3 a5 25. Bb3 1-0

[Event "Lichtenrader Herbst 2017"]
[Site "Berlin"]
[Date "2017.11.02"]
[Round "6.9"]
[White "Shpati, Ted"]
[Black "Malek, Daniel"]
[Result "0-1"]
[WhiteElo "2048"]
[BlackElo "2405"]
[PlyCount "68"]
[EventDate "2017.??.??"]

1. e4 e6 2. d4 d5 3. exd5 exd5 4. Nf3 Bd6 5. Bd3 Ne7 6. O-O Nbc6 7. c3 Bg4 8.
Re1 Qd7 9. Nbd2 O-O-O 10. Nf1 f6 11. b4 Kb8 12. a4 Ng6 13. Be3 Nce7 14. a5 Nh4
15. Be2 Nxf3+ 16. Bxf3 h5 17. Be2 g5 18. b5 Nc8 19. Qb3 Bxe2 20. Rxe2 g4 21.
Rae1 h4 22. Qb1 Rdg8 23. g3 f5 24. Qd3 Rf8 25. Bg5 hxg3 26. fxg3 f4 27. gxf4
Bxf4 28. Bxf4 Rxf4 29. Re5 Qf7 30. Ne3 g3 31. Nxd5 gxh2+ 32. Kh1 Rg4 33. b6 Qf2
34. bxa7+ Kxa7 0-1

[Event "Lichtenrader Herbst 2017"]
[Site "Berlin"]
[Date "2017.11.02"]
[Round "6.10"]
[White "Mueller, Nick"]
[Black "Hesse, Henrik"]
[Result "1/2-1/2"]
[WhiteElo "2268"]
[BlackElo "2120"]
[PlyCount "93"]
[EventDate "2017.??.??"]

1. d4 Nf6 2. c4 e6 3. g3 d5 4. Nf3 Be7 5. Bg2 O-O 6. O-O dxc4 7. Ne5 Nc6 8.
Bxc6 bxc6 9. Nxc6 Qe8 10. Nxe7+ Qxe7 11. Qa4 e5 12. dxe5 Qxe5 13. Qxc4 Be6 14.
Qc2 Bf5 15. Qd2 Rfe8 16. Nc3 Ne4 17. Nxe4 Qxe4 18. Re1 Bg4 19. Qc3 c6 20. Bf4
Bxe2 21. Rac1 Qf3 22. Qxc6 Qxc6 23. Rxc6 Bf3 24. Rcc1 Rxe1+ 25. Rxe1 Rd8 26. h3
f5 27. Kh2 Rd1 28. Rxd1 Bxd1 29. Kg2 Be2 30. f3 Kf7 31. Kf2 Bd1 32. Be5 g6 33.
Ke3 Ke6 34. Bd4 a6 35. Kf4 h5 36. h4 Bc2 37. Ke3 Kd5 38. Bf6 Bb1 39. a3 a5 40.
b4 axb4 41. axb4 Ba2 42. b5 Kc5 43. Bd8 Kxb5 44. Kd4 Bc4 45. Ke5 Be2 46. Kf6
Bxf3 47. Kxg6 1/2-1/2

[Event "Lichtenrader Herbst 2017"]
[Site "Berlin"]
[Date "2017.11.02"]
[Round "6.11"]
[White "Boettcher, Patrick"]
[Black "Foerster, Jonas"]
[Result "1/2-1/2"]
[WhiteElo "2099"]
[BlackElo "2268"]
[PlyCount "58"]
[EventDate "2017.??.??"]

1. d4 Nf6 2. c4 e6 3. Nf3 c5 4. d5 exd5 5. cxd5 g6 6. Nc3 Bg7 7. e4 d6 8. Be2
O-O 9. O-O Re8 10. Nd2 b6 11. f3 g5 12. Qc2 Nh5 13. Nc4 Ba6 14. Ne3 Bd4 15. Kh1
Nf4 16. Bxa6 Nxa6 17. Nf5 Re5 18. Nxd4 cxd4 19. Bxf4 gxf4 20. Ne2 Rc8 21. Qd2
d3 22. Nd4 Qf6 23. Qxd3 Nb4 24. Qd2 Nxd5 25. Nf5 Ne7 26. Rac1 Rxc1 27. Nxe7+
Rxe7 28. Rxc1 Re5 29. Rc7 Rb5 1/2-1/2

[Event "Lichtenrader Herbst 2017"]
[Site "Berlin"]
[Date "2017.11.02"]
[Round "6.12"]
[White "Brustkern, Juergen"]
[Black "Knudsen, Jesper"]
[Result "1/2-1/2"]
[WhiteElo "2287"]
[BlackElo "2081"]
[PlyCount "81"]
[EventDate "2017.??.??"]

1. d4 Nf6 2. c4 c5 3. e3 g6 4. Nc3 cxd4 5. exd4 Bg7 6. Bg5 h6 7. Be3 d6 8. h3
Nc6 9. Nf3 a6 10. d5 Nb8 11. Rc1 O-O 12. Qd2 Kh7 13. Bd3 b5 14. cxb5 Bb7 15.
Be2 axb5 16. Bxb5 Qa5 17. Bc4 Qb4 18. b3 Nbd7 19. O-O Nb6 20. Bxb6 Qxb6 21.
Rfe1 Ng8 22. a4 Rfc8 23. Qf4 Bf6 24. Ne4 Rc7 25. g4 Ra5 26. Rcd1 Kg7 27. h4
Rxa4 28. bxa4 Rxc4 29. g5 Bc3 30. Qe3 Qb4 31. Rb1 Bxe1 32. Rxb4 Bxb4 33. Qd3
Ba6 34. Kg2 Ba5 35. Ng3 Bb6 36. Qb3 Bc5 37. Qb2+ Kh7 38. Qb8 Kg7 39. a5 Rb4 40.
Qe8 Bb7 41. gxh6+ 1/2-1/2